Walk along African Borders - Average - Statistics

General Stats
  • This quiz has been taken 55 times
  • The average score is 15 of 46
Answer Stats
Indian Ocean at South Africa-Mozambique border % Correct
Swaziland -> Swa-Moz
98%
South Africa -> Sou-Moz
93%
Botswana <- Bot-Sou
53%
Namibia -> Nam-Bot
53%
Zimbabwe <- Zim-Sou
53%
Zambia -> Zam-Bot
45%
Central African Republic <- CAR-Sou
38%
Zimbabwe <- Zim-Zam
38%
Djibouti <- Dji-Eth
35%
DR Congo -> DRC-CAR
35%
Eritrea <- Eri-Eth
35%
Ethiopia -> Eth-Ken
35%
Malawi <- Mal-Zam
35%
Mozambique <- Moz-Zam
35%
Rwanda <- Rwa-Bur
35%
Somalia -< Som-Eth
35%
South Sudan -> Sou-Ken
35%
Sudan <- Sud-Eth
35%
Uganda -> Uga-Rwa
35%
Burundi -> Bur-Tan
33%
DR Congo -> DRC-Rwa
33%
DR Congo -> DRC-Tan
33%
Kenya <- Ken-Uga
33%
South Sudan -> Sou-Sud
33%
Tanzania <- Tan-Uga
33%
Tanzania <- Tan-Zam
33%
Republic of Congo >- ROC-CAR
25%
Cameroon -> Cam-CAR
23%
Chad <- Cha-Lib
23%
Egypt <- Egy-Lib
23%
Chad <- Cam-Cha
20%
Libya -> Lib-Nig
20%
Mali <- Mal-Cot
20%
Mauritania -> Mau-Mal
20%
Nigeria -> Nig-Cha
20%
Niger <- Nig-Alg
20%
Niger <- Nig-Nig
20%
Algeria -> Alg-Mal
18%
Benin -> Nig-Ben
18%
Cote d'Ivoire -> Cot-Bur
18%
Sudan <- Sud-Lib
18%
Burkina Faso <- Bur-Ben
15%
Ghana -> Gha-Bur
15%
Guinea -> Gui-Mal
15%
Senegal -> Sen-Mal
15%
Togo -> Tog-Bur
15%
No matching quizzes found
Score Distribution
Percent of People with Each Score
Percentile by Number Answered
Your Score History
You have not taken this quiz